000 00778nam a22001817a 4500
999 _c56831
_d56831
005 20190510150722.0
008 190510c2019 ру ||||| |||| 00| 0 рус d
022 _a0564-6162
041 _aрус
245 _aТеоретическая и математическая физика :
_b2019 N1 (Том 198) Январь /
_cГл. ред.: Славнов А.А.
260 _aМосква :
_bНаука,
_c2019.
300 _aV.
653 _aთეორუილი მათემატიკა და ფიზიკა
653 _aТеоретическая и математическая физика N1 (Том 198) Январь 2019
653 _aпериодика
700 _a Славнов, А. А.
_eГл. редактор
_9959
942 _2udc
_cCR